| 000 | 00493nam a2200181Ia 4500 | ||
|---|---|---|---|
| 003 | GCL | ||
| 008 | 140319s9999 xx 000 0 ara d | ||
| 040 |
_aGCL / _cGCL |
||
| 082 | 0 | 4 |
_a320.5 _bم ز |
| 100 | 1 | _aمحمد حسنين هيكل | |
| 245 | 1 | 0 |
_aالزلزال السوفيتى / _cمحمد حسنين هيكل |
| 300 | _a127 ص | ||
| 490 | _a | ||
| 650 | 0 | 4 | _aالاتحاد السوفيتى |
| 650 | 0 | 4 | _aالشيوعية |
| 650 | 0 | 4 | _aالبيروستريكا |
| 942 |
_2ddc _cBK |
||
| 999 |
_c40958 _d40958 |
||